[Event "12sen.WM-H Naumburg"]
[Site "Naumburg/Saale(20.10.-03.11.)"]
[Date "2002.10.31"]
[Round "9"]
[White "Baumgartner, Heinz"]
[Black "Semasev, Kim"]
[Result "0-1"]
[WhiteElo "2340"]
[BlackElo "2274"]
[PlyCount "136"]
[EventDate "2002.11.??"]

1. Nf3 d5 2. g3 Nf6 3. Bg2 e6 4. O-O Be7 5. d4 O-O 6. c4 c5 7. cxd5 Nxd5 8. a3
Nc6 9. dxc5 Bxc5 10. e4 Nf6 11. Qc2 Qb6 12. b4 Bd4 13. Nxd4 Nxd4 14. Qb2 e5 15.
Be3 Rd8 16. Nc3 Be6 17. Rfd1 Rac8 18. Rd2 Rd6 19. Rad1 Rcd8 20. Nd5 Nxd5 21.
Bxd4 exd4 22. exd5 Bg4 23. Re1 Kf8 24. Qxd4 Qxd4 25. Rxd4 Bd7 26. Rc4 Ba4 27.
Re3 Re8 28. Rxe8+ Kxe8 29. f4 Kd8 30. Kf2 Ra6 31. Rc3 Kd7 32. Ke3 Kd6 33. Bf1
Rb6 34. Rc5 a6 35. Kd4 Bd7 36. Be2 h6 37. h4 f6 38. Bd1 g5 39. fxg5 fxg5 40. h5
Bf5 41. Rc3 Rb5 42. Bb3 Bg4 43. Re3 Rb6 44. Re1 a5 45. Kc3 axb4+ 46. axb4 Ra6
47. b5 Ra8 48. Kd4 Rf8 49. Bd1 Bd7 50. Re3 Rf5 51. Bb3 g4 52. b6 Rxh5 53. Rc3
Rh3 54. Bc2 h5 55. Be4 h4 56. gxh4 Rxh4 57. Rg3 Rh2 58. Rg2 Rxg2 59. Bxg2 Bb5
60. Ke4 Bc4 61. Kd4 Be2 62. Ke4 Bf3+ 63. Bxf3 gxf3 64. Kxf3 Kxd5 65. Ke3 Kc5
66. Kd3 Kxb6 67. Kc2 Ka5 68. Kc3 Ka4 0-1

[Event "12sen.WM-H Naumburg"]
[Site "Naumburg/Saale(20.10.-03.11.)"]
[Date "2002.10.31"]
[Round "9"]
[White "Beckel, Friedrich"]
[Black "Malin, Klaus"]
[Result "1/2-1/2"]
[WhiteElo "2039"]
[BlackElo "1612"]
[PlyCount "44"]
[EventDate "2002.11.??"]

1. e4 e5 2. Nf3 Nc6 3. Bb5 a6 4. Ba4 Nf6 5. O-O b5 6. Bb3 Be7 7. Re1 O-O 8. a4
Bb7 9. d3 d6 10. Nc3 Na7 11. Bg5 h6 12. Bd2 c5 13. Ne2 Re8 14. Ng3 Bf8 15. Nf5
Nc6 16. c3 Ne7 17. N3h4 d5 18. axb5 axb5 19. Rxa8 Bxa8 20. Nxe7+ Rxe7 21. exd5
Bxd5 22. Be3 Rd7 1/2-1/2

[Event "12sen.WM-H Naumburg"]
[Site "Naumburg/Saale(20.10.-03.11.)"]
[Date "2002.10.31"]
[Round "9"]
[White "Bernhoeft, Erhard"]
[Black "Franke, Helmut"]
[Result "1-0"]
[WhiteElo "1988"]
[BlackElo "1759"]
[PlyCount "63"]
[EventDate "2002.11.??"]

1. Nf3 d5 2. g3 c6 3. b3 e6 4. Bb2 f5 5. Bg2 Nf6 6. O-O Be7 7. d3 O-O 8. Nbd2
Qe8 9. c4 a5 10. Qc2 Bd7 11. e4 Na6 12. Ne5 Rc8 13. exf5 exf5 14. Rae1 Qd8 15.
Ndf3 Be8 16. Nd4 Bb4 17. Re2 Bh5 18. Nef3 Qd7 19. a3 Bd6 20. Qd2 dxc4 21. dxc4
Ne4 22. Qc2 Bg6 23. Nh4 Ng5 24. Nxg6 hxg6 25. h4 Nh7 26. Ne6 Rf7 27. c5 Bf8 28.
Rd1 Qe7 29. Ng5 Qxc5 30. Nxf7 Kxf7 31. Qd3 Rc7 32. Re5 1-0

[Event "12sen.WM-H Naumburg"]
[Site "Naumburg/Saale(20.10.-03.11.)"]
[Date "2002.10.31"]
[Round "9"]
[White "Bierbach, Utz_Friedrich"]
[Black "Rost_van_Tonningen, Otto"]
[Result "0-1"]
[WhiteElo "2043"]
[BlackElo "2230"]
[PlyCount "74"]
[EventDate "2002.11.??"]

1. d4 Nf6 2. c4 c5 3. d5 b5 4. cxb5 a6 5. b6 Qxb6 6. Nc3 g6 7. e4 d6 8. Nf3
Nbd7 9. Be2 Bg7 10. O-O O-O 11. Qc2 Rb8 12. Rb1 Ne8 13. Bd2 Nc7 14. Qc1 Re8 15.
Na4 Qa7 16. h4 Nf6 17. Bd3 Nb5 18. Nc3 Bd7 19. Re1 Ng4 20. Bc4 Nd4 21. Nh2 Ne5
22. Bf1 Bb5 23. Nxb5 axb5 24. f4 Nd7 25. Ng4 Qxa2 26. Ra1 Qb3 27. Ne3 Ra8 28.
Kh1 Ra4 29. Rxa4 Qxa4 30. f5 Ra8 31. fxg6 hxg6 32. h5 gxh5 33. Bc3 Nb3 34. Qd1
Bxc3 35. bxc3 Qxe4 36. Bxb5 Ne5 37. Qxb3 Qh4+ 0-1

[Event "12sen.WM-H Naumburg"]
[Site "Naumburg/Saale(20.10.-03.11.)"]
[Date "2002.10.31"]
[Round "9"]
[White "Blaushtein, Boris"]
[Black "Giering, Helmut"]
[Result "1-0"]
[WhiteElo "2157"]
[BlackElo "1714"]
[PlyCount "101"]
[EventDate "2002.11.??"]

1. c4 f5 2. Nc3 Nf6 3. Nf3 d6 4. d4 g6 5. Qc2 Bg7 6. e4 fxe4 7. Nxe4 Nxe4 8.
Qxe4 c6 9. Bg5 Qa5+ 10. Bd2 Qf5 11. Qe3 O-O 12. Bd3 Qf6 13. h3 Nd7 14. Bc3 e5
15. O-O-O Qf4 16. Bd2 Qxe3 17. Bxe3 exd4 18. Nxd4 Nf6 19. Rhe1 d5 20. f3 c5 21.
Nb5 d4 22. Bg5 Bd7 23. Re7 Bxb5 24. cxb5 b6 25. Bc4+ Kh8 26. Rde1 Ng8 27. Rc7
Rf5 28. f4 h6 29. Bh4 Rxf4 30. Bg3 Rff8 31. Bd3 g5 32. Bd6 Rfc8 33. Rf7 c4 34.
Bg6 Re8 35. Be5 Nf6 36. Rc7 Rec8 37. Re7 Rf8 38. Bxd4 Rad8 39. Bc3 Rc8 40. Rxa7
Ra8 41. Ree7 Rxa7 42. Rxa7 Ne8 43. Bxg7+ Nxg7 44. Rb7 Ne6 45. Rxb6 Rf1+ 46. Kd2
Nf4 47. Be4 Rf2+ 48. Kc3 Re2 49. Bf3 Kg7 50. Bxe2 Nd5+ 51. Kxc4 1-0

[Event "12sen.WM-H Naumburg"]
[Site "Naumburg/Saale(20.10.-03.11.)"]
[Date "2002.10.31"]
[Round "9"]
[White "Bleher, Walter"]
[Black "Titz, Herbert"]
[Result "1/2-1/2"]
[WhiteElo "1895"]
[BlackElo "2089"]
[PlyCount "73"]
[EventDate "2002.11.??"]

1. e4 c5 2. Nc3 Nc6 3. g3 g6 4. Bg2 Bg7 5. d3 d6 6. f4 e5 7. Nh3 Nge7 8. O-O
O-O 9. f5 f6 10. fxg6 hxg6 11. Be3 Be6 12. Qd2 Qd7 13. Nf2 Kf7 14. Nd5 Rh8 15.
Nd1 Raf8 16. N1c3 Bh3 17. Rf2 Nxd5 18. Nxd5 Ne7 19. Nxe7 Kxe7 20. Raf1 Bg4 21.
c3 b6 22. Rb1 Rc8 23. b3 Be6 24. c4 Rh7 25. Rbf1 Qe8 26. Bh1 Qh8 27. Qe2 Rf8
28. Bf3 Bh6 29. Bxh6 Rxh6 30. Bg4 Qg8 31. a4 a5 32. Qf3 Bxg4 33. Qxg4 Qe6 34.
Qxe6+ Kxe6 35. Kg2 g5 36. h3 Rfh8 37. Rh1 1/2-1/2

[Event "12sen.WM-H Naumburg"]
[Site "Naumburg/Saale(20.10.-03.11.)"]
[Date "2002.10.31"]
[Round "9"]
[White "Bodinger, Karl"]
[Black "Hoehne, Peter[38Wedd]"]
[Result "0-1"]
[WhiteElo "1577"]
[BlackElo "1767"]
[PlyCount "66"]
[EventDate "2002.11.??"]

1. e4 c5 2. Nf3 Nc6 3. d4 cxd4 4. Nxd4 d6 5. Bb5 Bd7 6. O-O g6 7. Re1 Bg7 8. c3
Nf6 9. Ba4 O-O 10. Nxc6 bxc6 11. Bb3 Qc7 12. f3 Rab8 13. c4 Be6 14. Nc3 Nd7 15.
Be3 Ne5 16. Qe2 Rb4 17. c5 Bxb3 18. cxd6 exd6 19. axb3 Rxb3 20. Rxa7 Rb7 21.
Rea1 Rfb8 22. Qa6 Qc8 23. Rxb7 Rxb7 24. Bd4 Nxf3+ 25. gxf3 Bxd4+ 26. Kh1 Qd7
27. Qd3 Be5 28. f4 Bxf4 29. Ne2 Be5 30. Ra8+ Kg7 31. Nd4 Rxb2 32. Qd1 Rxh2+ 33.
Kg1 Qh3 0-1

[Event "12sen.WM-H Naumburg"]
[Site "Naumburg/Saale(20.10.-03.11.)"]
[Date "2002.10.31"]
[Round "9"]
[White "Boehnisch, Manfred"]
[Black "Packroff, Hermann"]
[Result "1-0"]
[WhiteElo "2365"]
[BlackElo "2262"]
[PlyCount "131"]
[EventDate "2002.11.??"]

1. e4 Nf6 2. e5 Nd5 3. d4 d6 4. Nf3 dxe5 5. Nxe5 c6 6. Bc4 Bf5 7. Nxf7 Kxf7 8.
Qf3 e6 9. g4 Qf6 10. gxf5 Qxf5 11. Qxf5+ exf5 12. Nc3 Bb4 13. O-O Bxc3 14. bxc3
Nd7 15. Rb1 b6 16. a4 g5 17. Bd2 N7f6 18. f3 h6 19. Bd3 f4 20. c4 Ne7 21. a5
Rab8 22. axb6 axb6 23. Rb2 Rhd8 24. Bc3 b5 25. Rfb1 Rbc8 26. cxb5 cxb5 27. Rb3
b4 28. Bxb4 Rxd4 29. Ba3 Rc7 30. Rb6 Nc6 31. Bb2 Rb4 32. Rxb4 Nxb4 33. Be5 Rc5
34. Rxb4 Rxe5 35. Rb7+ Re7 36. Bc4+ Kf8 37. Rb6 Kg7 38. Kf2 h5 39. Rb5 Kg6 40.
Bd3+ Kh6 41. Rf5 Nd7 42. h4 gxh4 43. Rxf4 Ne5 44. Be4 Kg5 45. Rf5+ Kh6 46. Kg2
Ng4 47. Rb5 h3+ 48. Kg3 h2 49. Rb1 Kg5 50. Rb5+ Kh6 51. Rb6+ Kg7 52. Rb1 Kf6
53. Kg2 Ne3+ 54. Kxh2 Nxc2 55. Rb6+ Kg5 56. Rg6+ Kf4 57. Rf6+ Ke5 58. Rf5+ Kd6
59. Rd5+ Ke6 60. Rxh5 Nd4 61. Kg3 Ne2+ 62. Kf2 Nf4 63. Rh6+ Ke5 64. Ra6 Ne6 65.
Ke3 Kf6 66. Bd5 1-0

[Event "12sen.WM-H Naumburg"]
[Site "Naumburg/Saale(20.10.-03.11.)"]
[Date "2002.10.31"]
[Round "9"]
[White "Brameyer, Hermann"]
[Black "Viner, Phillip"]
[Result "0-1"]
[WhiteElo "2294"]
[BlackElo "2175"]
[PlyCount "120"]
[EventDate "2002.11.??"]

1. d4 Nf6 2. Nf3 b6 3. Bg5 Bb7 4. Nbd2 c5 5. e3 e6 6. Bd3 Be7 7. c3 h6 8. Bh4
O-O 9. Qe2 d5 10. Ne5 Nbd7 11. Nxd7 Nxd7 12. Bxe7 Qxe7 13. f4 f6 14. O-O e5 15.
Rae1 e4 16. Bc2 f5 17. Qh5 Qe6 18. h3 Rac8 19. Rc1 Nf6 20. Qh4 b5 21. dxc5 Rxc5
22. Nb3 Rc7 23. Nd4 Qd7 24. g4 fxg4 25. hxg4 Nh7 26. Rf2 Rf6 27. Rcf1 Bc8 28.
g5 hxg5 29. fxg5 Rxf2 30. Rxf2 Qd8 31. Nxb5 Rb7 32. Nd4 Qxg5+ 33. Qxg5 Nxg5 34.
Rg2 Nh7 35. Bb3 Nf6 36. Rg5 Kf8 37. Ne2 a5 38. Nf4 a4 39. Bxa4 Rxb2 40. Bb3 Bb7
41. Ne6+ Ke7 42. Nxg7 Bc8 43. Nh5 Rb1+ 44. Kg2 Ng4 45. Rxg4 Bxg4 46. Nf4 Be6
47. Nxd5+ Kd6 48. c4 Rb2+ 49. Kf1 Bxd5 50. cxd5 Kc5 51. Ke1 Rh2 52. Kf1 Kb4 53.
Ke1 Kc3 54. Kf1 Rd2 55. Ke1 Kd3 56. Bc4+ Kxe3 57. a4 Rb2 58. Kd1 Kd4 59. Bb5
Kxd5 60. Kc1 Ra2 0-1

[Event "12sen.WM-H Naumburg"]
[Site "Naumburg/Saale(20.10.-03.11.)"]
[Date "2002.10.31"]
[Round "9"]
[White "Burreh, Heinz"]
[Black "Fiedler, Eduard"]
[Result "1-0"]
[WhiteElo "1826"]
[BlackElo "1597"]
[PlyCount "65"]
[EventDate "2002.11.??"]

1. e4 e6 2. d4 d5 3. exd5 exd5 4. c4 Nf6 5. Nc3 Bb4 6. Bd2 Nc6 7. Nf3 O-O 8.
Be2 dxc4 9. O-O Bxc3 10. Bxc3 Be6 11. Qa4 Qd5 12. Rfe1 b5 13. Qa3 a5 14. Qc5
Rfe8 15. a3 Ne4 16. Qxd5 Bxd5 17. Rac1 a4 18. Nh4 Nxc3 19. bxc3 g6 20. Bf3 Bxf3
21. Nxf3 f6 22. d5 Ne5 23. Nd4 Rab8 24. Rb1 Red8 25. f4 Nd3 26. Re7 Rxd5 27.
Rxc7 Nxf4 28. Nc6 Ne2+ 29. Kf2 Nxc3 30. Ne7+ Kh8 31. Nxd5 Nxb1 32. Nxf6 Rc8 33.
Rxh7# 1-0

[Event "12sen.WM-H Naumburg"]
[Site "Naumburg/Saale(20.10.-03.11.)"]
[Date "2002.10.31"]
[Round "9"]
[White "Dahlhaus, Friedhelm"]
[Black "Filzmaier, Bruno"]
[Result "1-0"]
[WhiteElo "2233"]
[BlackElo "2012"]
[PlyCount "59"]
[EventDate "2002.11.??"]

1. e4 e6 2. d4 d5 3. Nd2 dxe4 4. Nxe4 Nf6 5. Nxf6+ Qxf6 6. Nf3 h6 7. Bd3 Bd6 8.
O-O Nc6 9. Re1 O-O 10. c3 e5 11. d5 Ne7 12. c4 Bg4 13. Be3 b6 14. a3 a5 15. Rb1
Ng6 16. b4 axb4 17. axb4 Bxf3 18. Qxf3 Qxf3 19. gxf3 Nh4 20. Be2 f5 21. c5 f4
22. cxd6 fxe3 23. dxc7 e4 24. d6 Nxf3+ 25. Bxf3 exf2+ 26. Kxf2 Rxf3+ 27. Kg2
Rf7 28. Rbc1 Rc8 29. Rxe4 Rd7 30. Rc6 1-0

[Event "12sen.WM-H Naumburg"]
[Site "Naumburg/Saale(20.10.-03.11.)"]
[Date "2002.10.31"]
[Round "9"]
[White "Dombrowski, Heinz_Guenter"]
[Black "Rahn, Oskar"]
[Result "0-1"]
[WhiteElo "1727"]
[BlackElo "2060"]
[PlyCount "106"]
[EventDate "2002.11.??"]

1. e4 e5 2. c3 Nf6 3. d3 Nc6 4. f4 d5 5. fxe5 Nxe4 6. Nf3 Nc5 7. d4 Ne4 8. Bd3
Be7 9. O-O f5 10. a4 Be6 11. b4 O-O 12. a5 a6 13. Bd2 Qe8 14. Na3 Qf7 15. Qe2
Nd8 16. c4 Nxd2 17. Qxd2 dxc4 18. Bb1 Nc6 19. Nc2 Rad8 20. Qc3 Bd5 21. Ba2 Na7
22. Ne3 Nb5 23. Qe1 c6 24. Bb1 g6 25. Bc2 Bxf3 26. Rxf3 Nxd4 27. Rf4 Bg5 28.
Rf2 Nxc2 29. Rxc2 Rd4 30. Qc3 Rd3 31. Qxc4 Bxe3+ 32. Kf1 Qxc4 33. Rxc4 Kf7 34.
Ke2 Rfd8 35. Ra2 Bg5 36. g3 Rd2+ 37. Rxd2 Rxd2+ 38. Kf3 Ke6 39. h4 Bh6 40. g4
Rd3+ 41. Ke2 Re3+ 42. Kf2 fxg4 43. Rxg4 Kxe5 44. h5 Re4 45. Rg3 gxh5 46. Rg8
Rxb4 47. Rh8 Bg5 48. Rxh7 h4 49. Rh5 Kf4 50. Rh8 Rb2+ 51. Ke1 Kf3 52. Rf8+ Bf4
53. Kd1 h3 0-1

[Event "12sen.WM-H Naumburg"]
[Site "Naumburg/Saale(20.10.-03.11.)"]
[Date "2002.10.31"]
[Round "9"]
[White "Dornieden, Manfred_Dr"]
[Black "Ousatchi, Mark"]
[Result "1/2-1/2"]
[WhiteElo "2299"]
[BlackElo "2196"]
[PlyCount "111"]
[EventDate "2002.11.??"]

1. c4 e5 2. g3 Nf6 3. Bg2 d5 4. cxd5 Nxd5 5. Nc3 Nb6 6. e3 Be7 7. Nge2 O-O 8.
O-O c6 9. d4 exd4 10. Nxd4 Na6 11. Qh5 g6 12. Qe2 Bf6 13. Rd1 Qe7 14. e4 Rd8
15. Be3 h5 16. h3 Be6 17. f4 Bc4 18. Qf2 Bg7 19. Nc2 Rxd1+ 20. Rxd1 Rd8 21. Bd4
Bxd4 22. Rxd4 Rxd4 23. Nxd4 Nb4 24. b3 Ba6 25. Nf3 Nd3 26. Qd4 Qc5 27. Qxc5
Nxc5 28. Kf2 Kf8 29. Ke3 Ke7 30. Nd4 Nbd7 31. a4 Ne6 32. b4 Bc4 33. Nxe6 Bxe6
34. e5 f6 35. exf6+ Nxf6 36. Kd4 Kd6 37. Ne4+ Nxe4 38. Bxe4 Bf5 39. g4 hxg4 40.
hxg4 Bxg4 41. Bxg6 Bd1 42. a5 b6 43. Bd3 Bg4 44. f5 Bh3 45. Ke4 Bg2+ 46. Kf4
Bd5 47. Kg5 c5 48. bxc5+ bxc5 49. Kg6 c4 50. Bc2 Kc5 51. Kf6 a6 52. Ke5 Bg8 53.
f6 Bf7 54. Bd1 Kb5 55. Kd4 Kb4 56. Bc2 1/2-1/2

[Event "12sen.WM-H Naumburg"]
[Site "Naumburg/Saale(20.10.-03.11.)"]
[Date "2002.10.31"]
[Round "9"]
[White "Eidelmann, Vova"]
[Black "Broberg, Horst"]
[Result "1/2-1/2"]
[WhiteElo "1845"]
[BlackElo "2157"]
[PlyCount "100"]
[EventDate "2002.11.??"]

1. d4 e6 2. c4 Nf6 3. Nf3 Bb4+ 4. Bd2 Qe7 5. Nc3 O-O 6. e3 d6 7. a3 Bxc3 8.
Bxc3 Ne4 9. Qc2 f5 10. Bd3 Nxc3 11. Qxc3 b6 12. O-O-O Bb7 13. Be2 Nd7 14. Ne1
Nf6 15. f3 Rac8 16. Nd3 c6 17. Rd2 Nd5 18. Qb3 c5 19. dxc5 dxc5 20. Nf2 Nf6 21.
Rhd1 Rfd8 22. Qc3 Rxd2 23. Qxd2 Kf8 24. Nh3 Ke8 25. Nf4 g5 26. Nh3 h6 27. Nf2
Rd8 28. Qxd8+ Qxd8 29. Rxd8+ Kxd8 30. b4 Nd7 31. Nd3 Ke7 32. bxc5 bxc5 33. Bd1
Kd6 34. Kd2 e5 35. Nf2 Bc6 36. Bc2 Ke6 37. e4 f4 38. Nd1 Nf6 39. Nc3 Kd7 40.
Ba4 Bxa4 41. Nxa4 Kc6 42. Nc3 Nd7 43. Nd5 Kd6 44. Kc3 h5 45. h3 h4 46. Kb3 Nf8
47. Ka4 Ne6 48. Kb3 Nd4+ 49. Kc3 Ne2+ 50. Kd2 Nd4 1/2-1/2

[Event "12sen.WM-H Naumburg"]
[Site "Naumburg/Saale(20.10.-03.11.)"]
[Date "2002.10.31"]
[Round "9"]
[White "Fabritius, Herbert"]
[Black "Eidam, Horst"]
[Result "1/2-1/2"]
[WhiteElo "1726"]
[BlackElo "1862"]
[PlyCount "33"]
[EventDate "2002.11.??"]

1. d4 Nf6 2. Nf3 d5 3. e3 e6 4. Bd3 Be7 5. Nbd2 O-O 6. O-O c5 7. c3 b6 8. e4
dxe4 9. Nxe4 Bb7 10. Qe2 Nbd7 11. Re1 cxd4 12. Nxd4 Nxe4 13. Bxe4 Bxe4 14. Qxe4
Nc5 15. Qe2 Qd5 16. Bf4 Bd6 17. Bxd6 1/2-1/2

[Event "12sen.WM-H Naumburg"]
[Site "Naumburg/Saale(20.10.-03.11.)"]
[Date "2002.10.31"]
[Round "9"]
[White "Fanenbruck, Guenter"]
[Black "Becker, Karl_Heinz[31Dorm]"]
[Result "0-1"]
[WhiteElo "1557"]
[BlackElo "1562"]
[PlyCount "50"]
[EventDate "2002.11.??"]

1. e4 c5 2. Nf3 d6 3. c3 g6 4. d4 cxd4 5. cxd4 Bg7 6. Be3 Nd7 7. Be2 Ngf6 8.
Nc3 O-O 9. O-O a6 10. Rc1 b5 11. a3 Bb7 12. Nd2 e5 13. Bf3 exd4 14. Bxd4 Ne5
15. Re1 Nd3 16. Nf1 Nxc1 17. Qxc1 Nd7 18. Rd1 Bxd4 19. Rxd4 Ne5 20. Nd5 Bxd5
21. Rxd5 Rc8 22. Qd1 Rc6 23. Ne3 Qf6 24. Bg4 Nxg4 25. Nxg4 Qxb2 0-1

[Event "12sen.WM-H Naumburg"]
[Site "Naumburg/Saale(20.10.-03.11.)"]
[Date "2002.10.31"]
[Round "9"]
[White "Farin, Friedrich"]
[Black "Weigel, Max"]
[Result "0-1"]
[WhiteElo "1324"]
[BlackElo "1579"]
[PlyCount "120"]
[EventDate "2002.11.??"]

1. d4 e6 2. Nf3 d5 3. e3 Bd6 4. Bd3 Nf6 5. Nbd2 b6 6. O-O Bb7 7. Re1 Nbd7 8.
Qe2 c5 9. c3 Qc7 10. e4 dxe4 11. Nxe4 Nxe4 12. Bxe4 Nf6 13. Bxb7 Qxb7 14. dxc5
bxc5 15. b3 O-O 16. c4 Rad8 17. Bb2 Qe7 18. Rad1 Bc7 19. h3 Rxd1 20. Rxd1 Nd7
21. g3 f6 22. Nh4 Qf7 23. f4 g5 24. fxg5 fxg5 25. Rf1 Qxf1+ 26. Qxf1 Rxf1+ 27.
Kxf1 gxh4 28. g4 Bg3 29. Ke2 Kf7 30. Ke3 Ke7 31. a3 Kd6 32. Bc3 a6 33. a4 e5
34. Ke4 Ke6 35. Kf3 Nb8 36. Ke2 Nc6 37. Kd3 Bf2 38. Ke2 Bd4 39. Bd2 e4 40. Be1
Bf6 41. Ke3 Ke5 42. Bc3+ Nd4 43. Bb2 Bg5+ 44. Kf2 e3+ 45. Kg2 Ke4 46. Bc3 Nxb3
47. Be1 Nd2 48. a5 Nxc4 49. Bc3 Bd8 50. Be1 Nxa5 51. g5 Nc4 52. Bxh4 Bxg5 53.
Bxg5 Kd3 54. Kf3 Nd2+ 55. Kf4 c4 56. Bf6 e2 57. Bh4 c3 58. Be1 c2 59. h4 c1=Q
60. h5 Qxe1 0-1

[Event "12sen.WM-H Naumburg"]
[Site "Naumburg/Saale(20.10.-03.11.)"]
[Date "2002.10.31"]
[Round "9"]
[White "Fassmann, Ewald"]
[Black "Knobling, Rolf"]
[Result "1-0"]
[WhiteElo "1771"]
[BlackElo "1474"]
[PlyCount "79"]
[EventDate "2002.11.??"]

1. c4 c5 2. Nc3 Nc6 3. e3 e6 4. Nf3 g6 5. d4 cxd4 6. Nxd4 Bg7 7. Nxc6 bxc6 8.
Qc2 Ne7 9. Be2 O-O 10. O-O d5 11. Rd1 Qa5 12. Bd2 Qc7 13. Rac1 Ba6 14. Na4 dxc4
15. Bxc4 Bxc4 16. Qxc4 Rfc8 17. b3 a5 18. Bc3 h5 19. Bxg7 Kxg7 20. Nc3 Qe5 21.
h3 Rc7 22. Qd4 Qxd4 23. Rxd4 Rca7 24. e4 e5 25. Rd6 Ra6 26. Na4 Rc8 27. f3 g5
28. Kf2 h4 29. Rc5 Ng6 30. Nc3 f6 31. Ne2 Kf7 32. Rd7+ Ke6 33. Rd2 f5 34. exf5+
Kxf5 35. Rd6 g4 36. hxg4+ Kg5 37. Nc3 Rc7 38. Ne4+ Kh6 39. Rxe5 Kg7 40. Rg5 1-0

[Event "12sen.WM-H Naumburg"]
[Site "Naumburg/Saale(20.10.-03.11.)"]
[Date "2002.10.31"]
[Round "9"]
[White "Fischer, Ernst[37Weiden]"]
[Black "Kachar, Vladimir"]
[Result "0-1"]
[WhiteElo "1981"]
[BlackElo "2373"]
[PlyCount "84"]
[EventDate "2002.11.??"]

1. e4 c5 2. Nc3 Nc6 3. g3 g6 4. Bg2 Bg7 5. d3 d6 6. Be3 Nf6 7. h3 e5 8. Qd2 h6
9. f4 Be6 10. Nge2 Nd4 11. O-O Rb8 12. Nc1 Ng8 13. Nd1 Ne7 14. c3 Ndc6 15. Ne2
Qd7 16. Kh2 b6 17. d4 cxd4 18. cxd4 Bc4 19. dxe5 dxe5 20. Qxd7+ Kxd7 21. Rf2
Rhd8 22. fxe5 Nxe5 23. Nf4 Ke8 24. Nc3 Rbc8 25. Rd2 Rxd2 26. Bxd2 Rd8 27. Be3
Nd3 28. Nxd3 Rxd3 29. Re1 Bxc3 30. bxc3 h5 31. a4 Rxc3 32. a5 bxa5 33. Bxa7 a4
34. Bd4 Rc2 35. Ra1 Nc6 36. Bf6 Bb3 37. Kg1 Kd7 38. Bf1 Ke6 39. Bg5 Ne5 40. Bg2
f6 41. Bh6 Rc4 42. h4 Bc2 0-1

[Event "12sen.WM-H Naumburg"]
[Site "Naumburg/Saale(20.10.-03.11.)"]
[Date "2002.10.31"]
[Round "9"]
[White "Frauenfelder, Rudolf"]
[Black "Reimann, Hubert[42Merse"]
[Result "1-0"]
[WhiteElo "2151"]
[BlackElo "1941"]
[PlyCount "133"]
[EventDate "2002.11.??"]

1. c4 Nf6 2. Nc3 d5 3. cxd5 Nxd5 4. g3 c6 5. Bg2 Nxc3 6. bxc3 e5 7. Nf3 Qc7 8.
O-O Be7 9. d4 exd4 10. cxd4 O-O 11. Bf4 Qa5 12. Qc2 Na6 13. a3 Nc7 14. Bd2 Qh5
15. Ne5 Bf6 16. Bf3 Qh3 17. e3 Bxe5 18. dxe5 Bf5 19. Qb2 Rab8 20. Bb4 Rfc8 21.
Bd6 Bg4 22. Bg2 Qh5 23. f4 Bh3 24. Bf3 Bg4 25. Bg2 Bh3 26. Bf3 Bg4 27. Bh1 Be2
28. Rf2 Ba6 29. Qc2 Qg4 30. Be4 g6 31. f5 Qg5 32. Re1 Kg7 33. fxg6 hxg6 34. Qb3
Ne6 35. Bxb8 Rxb8 36. Bxc6 Rd8 37. Bd5 Qxe5 38. e4 Nd4 39. Rxf7+ Kh8 40. Qe3 g5
41. Qf2 g4 42. Rf8+ Rxf8 43. Qxf8+ Kh7 44. Qg8+ Kh6 45. Qxg4 Nc2 46. Rc1 Nd4
47. Kh1 Ne2 48. Rf1 Nxg3+ 49. Qxg3 Qxg3 50. hxg3 Bxf1 51. Bxb7 Kg5 52. Kg1 Bh3
53. Kf2 Kf6 54. Kf3 Ke5 55. g4 Bf1 56. g5 Bb5 57. Bc8 Be8 58. Bf5 Bh5+ 59. Ke3
Be8 60. Kd2 a6 61. Kc3 Bh5 62. Kb4 Be2 63. Ka5 Bc4 64. Kb6 Bb5 65. Kc5 Ba4 66.
g6 Bb5 67. a4 1-0

[Event "12sen.WM-H Naumburg"]
[Site "Naumburg/Saale(20.10.-03.11.)"]
[Date "2002.10.31"]
[Round "9"]
[White "Gaspariants, Garry"]
[Black "Rosen, Willy"]
[Result "1/2-1/2"]
[WhiteElo "2240"]
[BlackElo "2336"]
[PlyCount "121"]
[EventDate "2002.11.??"]

1. e4 c5 2. Nf3 e6 3. b3 d6 4. Bb5+ Bd7 5. Bxd7+ Nxd7 6. c4 Ngf6 7. Nc3 Be7 8.
O-O O-O 9. d4 cxd4 10. Qxd4 a6 11. Bg5 Qc7 12. Rfe1 h6 13. Bh4 Ne5 14. Nd2 Ng6
15. Bg3 Nh5 16. Rac1 Nxg3 17. hxg3 Bf6 18. Qe3 Ne5 19. Nf3 Ng4 20. Qf4 h5 21.
Red1 Qc5 22. Qd2 Rac8 23. Na4 Qa7 24. Nh2 Nxh2 25. Kxh2 b5 26. Nb2 Rc7 27. cxb5
axb5 28. Rxc7 Qxc7 29. Rc1 Qb6 30. Nd1 Bd4 31. Rc2 Rd8 32. Ne3 g6 33. a4 bxa4
34. bxa4 Bxe3 35. fxe3 Ra8 36. Ra2 Ra5 37. Qc3 Rc5 38. Qf6 e5 39. Rd2 Rc6 40.
Rf2 Rc7 41. Qd8+ Kg7 42. Qf6+ Kg8 43. Rf1 Rd7 44. Rc1 Qd8 45. Qf1 Rb7 46. Qa6
Rb8 47. Qc4 Kg7 48. Rf1 Rb7 49. Qd5 Ra7 50. a5 h4 51. gxh4 Qxh4+ 52. Kg1 Qg3
53. Qb3 Qh4 54. Qb6 Qe7 55. Rd1 Rb7 56. Qxd6 Qxd6 57. Rxd6 Rb1+ 58. Kf2 Rb2+
59. Kf1 Ra2 60. a6 Kh6 61. Rf6 1/2-1/2

[Event "12sen.WM-H Naumburg"]
[Site "Naumburg/Saale(20.10.-03.11.)"]
[Date "2002.10.31"]
[Round "9"]
[White "Gerhardt, Peter_Michael"]
[Black "Mauersberger, Frank"]
[Result "1/2-1/2"]
[WhiteElo "2124"]
[BlackElo "1992"]
[PlyCount "83"]
[EventDate "2002.11.??"]

1. Nf3 e6 2. b3 f5 3. Bb2 Nf6 4. c4 b6 5. e3 Bb7 6. Be2 Be7 7. O-O O-O 8. d3 d6
9. Nd4 Qd7 10. Bf3 c6 11. Nc3 e5 12. Nc2 Na6 13. g3 Rad8 14. Qe2 d5 15. cxd5
cxd5 16. d4 e4 17. Bg2 Nc7 18. Rfc1 Ba6 19. Qd2 Rc8 20. Ba3 h6 21. Bxe7 Qxe7
22. a3 Ne6 23. Nb4 Bb7 24. Ne2 a5 25. Nc2 Ba6 26. a4 Ng5 27. Ne1 Ne6 28. Bf1 g5
29. Rxc8 Rxc8 30. Rc1 Rxc1 31. Qxc1 Qc7 32. Qxc7 Nxc7 33. Nc3 Bxf1 34. Kxf1 Kf7
35. Ke2 Ke6 36. h3 Nfe8 37. Nc2 Nd6 38. f3 exf3+ 39. Kxf3 Ne4 40. Nxe4 dxe4+
41. Kf2 Nd5 42. Na3 1/2-1/2

[Event "12sen.WM-H Naumburg"]
[Site "Naumburg/Saale(20.10.-03.11.)"]
[Date "2002.10.31"]
[Round "9"]
[White "Girod, Gudrun"]
[Black "Kovacs, Les"]
[Result "0-1"]
[WhiteElo "1406"]
[BlackElo "1600"]
[PlyCount "66"]
[EventDate "2002.11.??"]

1. d4 d5 2. Nf3 Nf6 3. h3 e6 4. Bg5 Be7 5. e3 Nbd7 6. Nbd2 b6 7. Bb5 Bb7 8. Ne5
O-O 9. Nxd7 Nxd7 10. Bxe7 Qxe7 11. Bxd7 Qxd7 12. O-O Ba6 13. Re1 f6 14. f4 Rf7
15. b3 Qd6 16. Nf3 c5 17. c3 Rc8 18. Rc1 Rfc7 19. Qd2 Bb7 20. Rf1 Ba6 21. Rfe1
Re7 22. Qf2 Bd3 23. Nd2 f5 24. Nf3 Be4 25. Ne5 g6 26. g3 Rg7 27. h4 Qc7 28. Kh2
cxd4 29. cxd4 Qxc1 30. Rxc1 Rxc1 31. g4 Rc2 32. Kg3 Rxf2 33. Kxf2 Rc7 0-1

[Event "12sen.WM-H Naumburg"]
[Site "Naumburg/Saale(20.10.-03.11.)"]
[Date "2002.10.31"]
[Round "9"]
[White "Glaser, Heinz_Alfred"]
[Black "Zurel, Maxim"]
[Result "1/2-1/2"]
[WhiteElo "1680"]
[BlackElo "1777"]
[PlyCount "143"]
[EventDate "2002.11.??"]

1. e4 e5 2. d4 exd4 3. c3 dxc3 4. Bc4 Qe7 5. Nxc3 c6 6. Nge2 b5 7. Bb3 b4 8.
Na4 Qxe4 9. O-O Be7 10. Nf4 d6 11. Re1 Qf5 12. Qxd6 Qd7 13. Qxb4 Na6 14. Qc4
Nh6 15. Nh5 O-O 16. Bxh6 gxh6 17. Rad1 Qg4 18. Rxe7 Qxh5 19. Qxc6 Rb8 20. Qc3
Be6 21. Re1 Qg5 22. Rxa7 Rbc8 23. Qg3 Bxb3 24. Rxa6 Bxa2 25. Rxh6 Qxg3 26. hxg3
Rc2 27. Re4 Be6 28. Reh4 Bf5 29. g4 Bg6 30. g5 Re8 31. Rf4 Re5 32. Rg4 Rf5 33.
f3 Ra5 34. Rhh4 Re5 35. Rg3 Re1+ 36. Kh2 Rcc1 37. Rgg4 Bh5 38. Rf4 Bg6 39. Rf6
Rc2 40. Rg4 Ree2 41. f4 Be4 42. Rb6 Bxg2 43. Rxg2 Rxg2+ 44. Kh3 Rgd2 45. Kg4
Rd4 46. b3 Rf2 47. Rf6 Kg7 48. Nc5 Rc2 49. Rf5 Rcd2 50. Re5 Rd5 51. Rxd5 Rxd5
52. b4 Kg6 53. Kf3 Rd4 54. Na6 Kf5 55. b5 Rxf4+ 56. Ke3 Ra4 57. Nc7 Kxg5 58. b6
Rb4 59. Nd5 Rb5 60. Kd4 h5 61. Kc4 Rxb6 62. Nxb6 h4 63. Nd5 h3 64. Nc3 f5 65.
Nd1 Kf4 66. Nf2 h2 67. Kd3 Kf3 68. Nh1 f4 69. Kd2 Kg2 70. Ke2 f3+ 71. Ke1 Kxh1
72. Kf2 1/2-1/2